[Event "Penang op-A 14th"]
[Site "Penang"]
[Date "2022.12.24"]
[Round "9"]
[White "Lin, Jie Xun"]
[Black "Lim, Chin Lee"]
[Result "1/2-1/2"]
[WhiteElo "1462"]
[BlackElo "1883"]
[PlyCount "128"]
[EventDate "2022.12.19"]
[EventType "swiss"]
[EventRounds "9"]
[EventCountry "MAS"]
[SourceTitle "CBM 211 Extra"]
[Source "ChessBase"]
[SourceDate "2023.01.31"]
[SourceVersion "1"]
[SourceVersionDate "2023.01.31"]
[SourceQuality "1"]

1. d4 Nf6 2. c4 e6 3. g3 c5 4. d5 exd5 5. cxd5 d6 6. Bg2 g6 7. Nc3 Bg7 8. Nf3 0-0 9. 0-0 Na6 10. Nd2 Rb8 11. a4 Nb4 12. Nc4 Ne8 13. Bf4 g5 14. Bd2 Bf5 15. e4 Bg6 16. f4 gxf4 17. Bxf4 a6 18. a5 Qe7 19. Qd2 Rd8 20. Rae1 f6 21. Nd1 Qd7 22. b3 f5 23. Bh3 Bd4+ 24. Be3 Qg7 25. exf5 Bf7 26. Rf4 Bxe3+ 27. Ndxe3 Nf6 28. Bg2 Rfe8 29. Rd1 Kf8 30. Qf2 Qg8 31. Nxd6 Rxd6 32. Nc4 Rxd5 33. Bxd5 Nbxd5 34. Qxc5+ Kg7 35. Rh4 Qf8 36. Qd4 Qb4 37. Qb2 Qc5+ 38. Qd4 Qxd4+ 39. Rhxd4 Ne3 40. Re1 Nxf5 41. Rxe8 Bxe8 42. Rd8 Bc6 43. Ne5 Bd5 44. g4 Ne3 45. g5 Ne4 46. h4 Nc5 47. h5 h6 48. b4 Ne6 49. Rd7+ Kg8 50. Kf2 Nd1+ 51. Ke2 Nc3+ 52. Kd3 Na2 53. gxh6 Nf8 54. Rxd5 Nxb4+ 55. Ke4 Nxd5 56. Kxd5 Kh7 57. Ng4 Nd7 58. Kd6 Nb8 59. Kc7 Nc6 60. Kb6 Nd8 61. Ne5 Kxh6 62. Kc7 Ne6+ 63. Kxb7 Nc5+ 64. Kb6 Nb3 1/2-1/2

[Event "Penang op-A 14th"]
[Site "Penang"]
[Date "2022.12.23"]
[Round "7"]
[White "Lee, Jing Xi Jonathan"]
[Black "Lim, Chin Lee"]
[Result "0-1"]
[WhiteElo "1731"]
[BlackElo "1883"]
[PlyCount "114"]
[EventDate "2022.12.19"]
[EventType "swiss"]
[EventRounds "9"]
[EventCountry "MAS"]
[SourceTitle "CBM 211 Extra"]
[Source "ChessBase"]
[SourceDate "2023.01.31"]
[SourceVersion "1"]
[SourceVersionDate "2023.01.31"]
[SourceQuality "1"]

1. e4 e5 2. Nf3 Nc6 3. Nc3 Nf6 4. d4 exd4 5. Nxd4 Bb4 6. Nxc6 bxc6 7. Bd3 0-0 8. 0-0 Re8 9. Bg5 h6 10. Bh4 Be7 11. e5 Nd5 12. Bg3 Nxc3 13. bxc3 d5 14. Qh5 Bf8 15. f4 a5 16. f5 Qg5 17. Qf3 Bc5+ 18. Kh1 Qe3 19. Qg4 Qg5 20. Qa4 Bd7 21. Rae1 Rab8 22. Bh4 Rb4 23. cxb4 Qxh4 24. Qxa5 Bxb4 25. Qxc7 Bxe1 26. Qxd7 Rd8 27. Qc7 Bg3 28. h3 Rf8 29. Rf3 f6 30. Qxc6 Bxe5 31. Qxd5+ Kh8 32. Qe4 Qh5 33. Be2 Qg5 34. g4 Qc1+ 35. Kg2 Rb8 36. Rb3 Rd8 37. Rd3 Rc8 38. c4 Kh7 39. Rd5 Qc3 40. Qd3 Qa1 41. c5 Qxa2 42. Qe4 Qb2 43. Qc4 Qa3 44. Qd3 Qb2 45. Qb5 Qc3 46. Bd3 Qd2+ 47. Kf3 Qf4+ 48. Ke2 Qh2+ 49. Ke3 Bf4+ 50. Kd4 Qf2+ 51. Kc4 Qd2 52. Qb4 Qa2+ 53. Qb3 Qa7 54. Qb5 Rb8 55. Qd7 Qa2+ 56. Kc3 Bd2+ 57. Kd4 Rb4+ 0-1

[Event "Penang op 11th"]
[Site "Penang"]
[Date "2019.12.13"]
[Round "8"]
[White "Tan, Jun Ying"]
[Black "Lim, Chin Lee"]
[Result "1-0"]
[WhiteElo "2121"]
[BlackElo "2023"]
[PlyCount "121"]
[EventDate "2019.12.09"]
[EventType "swiss"]
[EventRounds "9"]
[EventCountry "MAS"]
[SourceTitle "CBM 193 Extra"]
[Source "ChessBase"]
[SourceDate "2020.01.31"]
[SourceVersion "1"]
[SourceVersionDate "2020.01.31"]
[SourceQuality "1"]

1. d4 Nf6 2. c4 c5 3. d5 b5 4. cxb5 a6 5. f3 e6 6. e4 exd5 7. e5 Qe7 8. Qe2 Ng8 9. Nc3 Bb7 10. Nh3 d4 11. Ne4 Qe6 12. Nf4 Qxe5 13. Nd3 Qe6 14. Ndxc5 Bxc5 15. Nxc5 Qxe2+ 16. Bxe2 Bc8 17. b6 Nf6 18. b7 Bxb7 19. Nxb7 0-0 20. Nc5 Rc8 21. Nd3 a5 22. Bg5 Nd5 23. Kd2 f6 24. Bf4 Nc6 25. Rac1 Re8 26. Bd1 a4 27. Rc5 Ncb4 28. Nxb4 Nxf4 29. g3 Ng2 30. Rc4 a3 31. b3 Re7 32. Rxd4 Rae8 33. Nc2 h5 34. Rg1 Ne3 35. Nxe3 Rxe3 36. Rxd7 f5 37. f4 g6 38. Rd8 Rxd8+ 39. Kxe3 Re8+ 40. Kd3 Rd8+ 41. Kc3 Kf7 42. Be2 Kf6 43. Bc4 h4 44. b4 g5 45. fxg5+ Kxg5 46. gxh4+ Kxh4 47. Rf1 Rf8 48. b5 f4 49. b6 Kh3 50. b7 f3 51. b8Q Rxb8 52. Rxf3+ Kxh2 53. Bb3 Kg2 54. Rf4 Rc8+ 55. Kb4 Kg3 56. Rf7 Ra8 57. Ba4 Kg4 58. Kxa3 Rc8 59. Bb3 Kg5 60. Kb2 Kg6 61. Rf1 1-0

[Event "Penang op 11th"]
[Site "Penang"]
[Date "2019.12.11"]
[Round "5"]
[White "Lim, Chin Lee"]
[Black "Hng, Mei Xian Eunice"]
[Result "1-0"]
[WhiteElo "2023"]
[BlackElo "1709"]
[PlyCount "81"]
[EventDate "2019.12.09"]
[EventType "swiss"]
[EventRounds "9"]
[EventCountry "MAS"]
[SourceTitle "CBM 193 Extra"]
[Source "ChessBase"]
[SourceDate "2020.01.31"]
[SourceVersion "1"]
[SourceVersionDate "2020.01.31"]
[SourceQuality "1"]

1. d4 Nf6 2. Nf3 c5 3. c3 e6 4. g3 b6 5. Bg2 Bb7 6. 0-0 Be7 7. Nbd2 Qc7 8. Re1 0-0 9. e4 cxd4 10. cxd4 d6 11. a3 Nbd7 12. b3 Rac8 13. Bf1 Rfd8 14. Bb2 d5 15. e5 Ne4 16. Rc1 Qb8 17. Bd3 Nxd2 18. Nxd2 Nf8 19. f4 Rxc1 20. Qxc1 f6 21. exf6 Bxf6 22. Nf3 Qd6 23. Qe3 Bc6 24. h4 Be8 25. Rc1 Bh5 26. Ne5 Bxe5 27. Qxe5 Qxe5 28. dxe5 Rd7 29. f5 Bg4 30. f6 gxf6 31. exf6 Kf7 32. Bb5 Rb7 33. Ba6 Rd7 34. Bc8 Rd8 35. Rc7+ Kg6 36. Rg7+ Kh5 37. Ba6 h6 38. Bd3 a5 39. Kf2 d4 40. Rg8 Bf5 41. Be2+ 1-0

[Event "Penang op 11th"]
[Site "Penang"]
[Date "2019.12.11"]
[Round "4"]
[White "Sonjaya, Deni"]
[Black "Lim, Chin Lee"]
[Result "1-0"]
[WhiteElo "2165"]
[BlackElo "2023"]
[PlyCount "67"]
[EventDate "2019.12.09"]
[EventType "swiss"]
[EventRounds "9"]
[EventCountry "MAS"]
[SourceTitle "CBM 193 Extra"]
[Source "ChessBase"]
[SourceDate "2020.01.31"]
[SourceVersion "1"]
[SourceVersionDate "2020.01.31"]
[SourceQuality "1"]

1. e4 e5 2. Bc4 Nf6 3. d3 Nc6 4. Nc3 Be7 5. f4 d6 6. Nf3 exf4 7. Bxf4 Na5 8. Bb3 Nxb3 9. axb3 0-0 10. 0-0 c6 11. Kh1 b5 12. Nd4 Bd7 13. Bg5 b4 14. Nce2 Ng4 15. Bf4 c5 16. Nf5 Bxf5 17. exf5 Bf6 18. Ng3 Ne5 19. Ra6 Qe7 20. Ne4 Rfd8 21. Re1 Bh4 22. Re3 d5 23. f6 Bxf6 24. Nxf6+ gxf6 25. Qh5 Rd6 26. Rh3 Qd8 27. Qxh7+ Kf8 28. Rxd6 Qxd6 29. Qh8+ Ke7 30. Qxa8 Qa6 31. Be3 Ng4 32. Bxc5+ Ke6 33. Qe8+ Kf5 34. Rf3+ 1-0

[Event "BCF-ch"]
[Site "Edinburgh"]
[Date "2003.07.22"]
[Round "8"]
[White "Lim, Chin Lee"]
[Black "Meyer, Gordon"]
[Result "1-0"]
[WhiteElo "2119"]
[BlackElo "2175"]
[PlyCount "79"]
[EventDate "2003.07.14"]
[EventType "swiss"]
[EventRounds "11"]
[EventCountry "SCO"]
[SourceTitle "CBM 095 Extra"]
[Source "ChessBase"]
[SourceDate "2003.09.04"]
[SourceVersion "1"]
[SourceVersionDate "2003.09.04"]
[SourceQuality "1"]

1. e4 c5 2. Nf3 d6 3. c4 Nc6 4. d4 cxd4 5. Nxd4 g6 6. Be2 Bg7 7. Nc2 Nf6 8. Nc3 0-0 9. 0-0 Be6 10. Rb1 Nd7 11. Be3 a5 12. Qd2 Re8 13. f4 f5 14. Rbd1 Rc8 15. exf5 gxf5 16. Rf3 Nf6 17. Rg3 Kh8 18. b3 Bf7 19. Bf3 Rb8 20. Nd5 Ne4 21. Bxe4 fxe4 22. Nd4 e6 23. Nc3 Bg6 24. Ndb5 Qf6 25. Bb6 e5 26. Nd5 Qh4 27. Nxd6 Rf8 28. Rf1 Nd4 29. Rh3 Qg4 30. Ne7 Ne2+ 31. Kh1 Nxf4 32. Nxg6+ Qxg6 33. Rg3 Qh6 34. Rd1 Rf6 35. Bc7 Rbf8 36. Nxe4 R6f7 37. Bd6 Nh5 38. Bxf8 Nxg3+ 39. Nxg3 Qxd2 40. Bxg7+ 1-0

[Event "BCF-ch"]
[Site "Edinburgh"]
[Date "2003.07.17"]
[Round "4"]
[White "Lim, Chin Lee"]
[Black "Buckley, Simon T"]
[Result "1/2-1/2"]
[WhiteElo "2119"]
[BlackElo "2267"]
[PlyCount "76"]
[EventDate "2003.07.14"]
[EventType "swiss"]
[EventRounds "11"]
[EventCountry "SCO"]
[SourceTitle "CBM 095 Extra"]
[Source "ChessBase"]
[SourceDate "2003.09.04"]
[SourceVersion "1"]
[SourceVersionDate "2003.09.04"]
[SourceQuality "1"]

1. d4 e6 2. c4 Nf6 3. Nc3 Bb4 4. e3 b6 5. Qf3 d5 6. Bd3 0-0 7. Nge2 Bb7 8. 0-0 Nbd7 9. cxd5 exd5 10. Ng3 Re8 11. Nce2 Ne4 12. a3 Bf8 13. Nf4 Ndf6 14. Ngh5 Nxh5 15. Qxh5 g6 16. Qg4 Bd6 17. Bb5 c6 18. Ba4 f5 19. Qf3 Qf6 20. Nd3 Rac8 21. Re1 Qh4 22. g3 Ng5 23. Qg2 Qe4 24. Rd1 Ba6 25. Bc2 Qg4 26. f4 Ne4 27. Re1 Qh5 28. Bd1 Qh6 29. Nf2 Nf6 30. Bb3 Kh8 31. Bd2 Qf8 32. Bc3 Re7 33. Rac1 Qe8 34. h3 Qd7 35. Ba4 Bb7 36. g4 Rce8 37. Bd2 Rg7 38. g5 Ne4 1/2-1/2

[Event "BCF-ch"]
[Site "Edinburgh"]
[Date "2003.07.16"]
[Round "3"]
[White "Guthrie, David"]
[Black "Lim, Chin Lee"]
[Result "0-1"]
[WhiteElo "2183"]
[BlackElo "2119"]
[PlyCount "66"]
[EventDate "2003.07.14"]
[EventType "swiss"]
[EventRounds "11"]
[EventCountry "SCO"]
[SourceTitle "CBM 095 Extra"]
[Source "ChessBase"]
[SourceDate "2003.09.04"]
[SourceVersion "1"]
[SourceVersionDate "2003.09.04"]
[SourceQuality "1"]

1. d4 Nf6 2. c4 e6 3. Nc3 d5 4. Bg5 Be7 5. e3 h6 6. Bh4 0-0 7. Nf3 b6 8. Bd3 dxc4 9. Bxc4 Bb7 10. 0-0 Nbd7 11. Qe2 Ne4 12. Nxe4 Bxh4 13. Nc3 Bf6 14. Rfd1 c6 15. e4 Qc7 16. e5 Be7 17. Qe4 Rfd8 18. Qg4 c5 19. d5 Nxe5 20. Nxe5 Qxe5 21. dxe6 fxe6 22. Re1 Qg5 23. Qxe6+ Kh8 24. Ne4 Bxe4 25. Qxe4 Qh4 26. f4 Qf6 27. Rad1 Rxd1 28. Rxd1 Rf8 29. g3 Bd6 30. Rd5 Qe7 31. Qg6 Rf6 32. Qg4 Qe3+ 33. Kh1 Qe4+ 0-1

[Event "BCF-chT3 0203 (4NCL)"]
[Site "West Bromwich"]
[Date "2002.11.09"]
[Round "1.4"]
[White "Shaw, David A"]
[Black "Lim, Chin Lee"]
[Result "1-0"]
[WhiteElo "2196"]
[BlackElo "2060"]
[PlyCount "69"]
[EventDate "2002.11.??"]
[EventType "team"]
[EventRounds "11"]
[EventCountry "ENG"]
[SourceTitle "EXT 2004"]
[Source "ChessBase"]
[SourceDate "2003.11.25"]
[SourceVersion "1"]
[SourceVersionDate "2003.11.25"]
[SourceQuality "1"]
[WhiteTeam "Numerica 3CS II"]
[BlackTeam "White Rose II"]
[WhiteTeamCountry "ENG"]
[BlackTeamCountry "ENG"]

1. e4 e6 2. d4 d5 3. Nc3 Bb4 4. e5 c5 5. a3 Bxc3+ 6. bxc3 Qa5 7. Bd2 Qa4 8. Nf3 Nc6 9. Be3 c4 10. Nh4 Nge7 11. g4 Bd7 12. Bg2 Qa5 13. Bd2 0-0-0 14. f4 Ng6 15. Nxg6 hxg6 16. 0-0 f6 17. Qe2 Rdf8 18. exf6 gxf6 19. h3 Re8 20. Be1 e5 21. fxe5 fxe5 22. dxe5 Rxe5 23. Qf3 Rhe8 24. Kh2 Re2 25. Bg3 d4 26. cxd4 Qd2 27. Rfd1 Qxc2 28. Re1 R8e3 29. Rxe2 Qxe2 30. Qf4 Kd8 31. Qf6+ Ne7 32. d5 Be8 33. Re1 Qd2 34. Rxe3 Qxe3 35. d6 1-0

[Event "BCF-chT3 0102 (4NCL)"]
[Site "Birmingham"]
[Date "2002.05.05"]
[Round "10.4"]
[White "Lim, Chin Lee"]
[Black "Phillips, David A"]
[Result "0-1"]
[WhiteElo "2050"]
[BlackElo "1984"]
[PlyCount "92"]
[EventDate "2001.09.??"]
[EventType "team"]
[EventRounds "11"]
[EventCountry "ENG"]
[SourceTitle "EXT 2003"]
[Source "ChessBase"]
[SourceDate "2002.11.25"]
[SourceVersion "1"]
[SourceVersionDate "2002.11.25"]
[SourceQuality "1"]
[WhiteTeam "White Rose II"]
[BlackTeam "All Four Corners"]
[WhiteTeamCountry "ENG"]
[BlackTeamCountry "ENG"]

1. d4 Nf6 2. Nf3 g6 3. Nc3 d6 4. e4 Bg7 5. Bg5 Nc6 6. Be2 Bg4 7. d5 Ne5 8. Nxe5 Bxe2 9. Qxe2 dxe5 10. h4 Qd7 11. f3 Nh5 12. Qd2 e6 13. g4 Nf4 14. Bxf4 exf4 15. Qxf4 Bxc3+ 16. bxc3 0-0-0 17. Qe3 Qa4 18. dxe6 fxe6 19. Rh2 h5 20. gxh5 Rxh5 21. Qf4 Qc4 22. Qf6 Qc5 23. Qxe6+ Kb8 24. Kf1 Qxc3 25. Re1 Qxf3+ 26. Rf2 Qh1+ 27. Ke2 Qxh4 28. Rd1 Rhh8 29. Rxd8+ Rxd8 30. Qxg6 Qh1 31. Qf5 Qc1 32. Kf3 Qa3+ 33. Kg2 Rg8+ 34. Kf1 Qc1+ 35. Ke2 Qxc2+ 36. Ke3 Qc3+ 37. Ke2 Qb2+ 38. Kf3 Qa3+ 39. Ke2 Qxa2+ 40. Ke3 Qa3+ 41. Ke2 Qb2+ 42. Ke3 Qc3+ 43. Ke2 a5 44. Qd5 Rg3 45. Qd2 Qc4+ 46. Ke1 Rg1+ 0-1

[Event "BCF-chT3 0102 (4NCL)"]
[Site "Birmingham"]
[Date "2002.03.23"]
[Round "7.4"]
[White "Lim, Chin Lee"]
[Black "Singleton, Michael Peter F"]
[Result "1-0"]
[WhiteElo "2050"]
[BlackElo "2080"]
[PlyCount "48"]
[EventDate "2001.09.??"]
[EventType "team"]
[EventRounds "11"]
[EventCountry "ENG"]
[SourceTitle "EXT 2003"]
[Source "ChessBase"]
[SourceDate "2002.11.25"]
[SourceVersion "1"]
[SourceVersionDate "2002.11.25"]
[SourceQuality "1"]
[WhiteTeam "White Rose II"]
[BlackTeam "Guildford III"]
[WhiteTeamCountry "ENG"]
[BlackTeamCountry "ENG"]

1. d4 Nf6 2. c4 g6 3. Bg5 Bg7 4. Nc3 c5 5. d5 0-0 6. e4 d6 7. f3 e6 8. Qd2 exd5 9. cxd5 a6 10. h4 Qa5 11. h5 Nxh5 12. Bh6 Nd7 13. Rxh5 Bxh6 14. Rxh6 Ne5 15. Rh1 f6 16. Nh3 b5 17. Nf4 b4 18. Nd1 Re8 19. b3 f5 20. Ne6 fxe4 21. fxe4 Bxe6 22. dxe6 Rxe6 23. Qd5 Rae8 24. Be2 Kg7 1-0

[Event "BCF-chT3 0102 (4NCL)"]
[Site "Birmingham"]
[Date "2001.11.24"]
[Round "3.6"]
[White "Lim, Chin Lee"]
[Black "Norman, Kenneth I"]
[Result "1-0"]
[WhiteElo "2050"]
[BlackElo "2160"]
[PlyCount "39"]
[EventDate "2001.09.??"]
[EventType "team"]
[EventRounds "11"]
[EventCountry "ENG"]
[SourceTitle "EXT 2003"]
[Source "ChessBase"]
[SourceDate "2002.11.25"]
[SourceVersion "1"]
[SourceVersionDate "2002.11.25"]
[SourceQuality "1"]
[WhiteTeam "White Rose II"]
[BlackTeam "Guildford II"]
[WhiteTeamCountry "ENG"]
[BlackTeamCountry "ENG"]

1. d4 Nf6 2. Nf3 g6 3. c4 Bg7 4. Nc3 d5 5. Bf4 0-0 6. cxd5 Nxd5 7. Nxd5 Qxd5 8. Bxc7 Nc6 9. e3 Bg4 10. h3 Bf5 11. Qd2 Rac8 12. Bg3 Rfd8 13. b3 Nxd4 14. exd4 Rc2 15. Bc4 Qc6 16. Qe3 b5 17. Bxf7+ Kxf7 18. 0-0 Rd7 19. Be5 Qd5 20. g4 1-0

[Event "BCF-chT3d 0001 (4NCL) Demotion pool"]
[Site "Birmingham"]
[Date "2001.03.18"]
[Round "8.2"]
[White "Almond, Richard"]
[Black "Lim, Chin Lee"]
[Result "1-0"]
[WhiteElo "2140"]
[BlackElo "2071"]
[PlyCount "89"]
[EventDate "2000.11.26"]
[EventType "team-tourn"]
[EventRounds "4"]
[EventCountry "ENG"]
[SourceTitle "EXT 2002"]
[Source "ChessBase"]
[SourceDate "2001.11.25"]
[SourceVersion "1"]
[SourceVersionDate "2001.11.25"]
[SourceQuality "1"]
[WhiteTeam "Mindsports"]
[BlackTeam "White Rose II"]
[WhiteTeamCountry "ENG"]
[BlackTeamCountry "ENG"]

1. d4 d5 2. c4 e6 3. Nc3 Nf6 4. Bg5 c6 5. cxd5 exd5 6. Qc2 Be7 7. e3 Nbd7 8. Bd3 h6 9. Bh4 b6 10. Nge2 Bb7 11. f3 c5 12. 0-0 0-0 13. Kh1 a6 14. a4 Rc8 15. Rac1 Re8 16. Bf5 Qc7 17. Bg3 Bd6 18. Qd2 g6 19. Bh3 Kg7 20. Nf4 Qc6 21. Rfd1 c4 22. Re1 Bb4 23. e4 dxe4 24. d5 Qc5 25. fxe4 g5 26. Nh5+ Nxh5 27. Bxd7 Nxg3+ 28. hxg3 Qd6 29. Bxe8 Rxe8 30. Qd4+ f6 31. Qxc4 Bc5 32. Qd3 Bf2 33. Rf1 Bxg3 34. Ne2 Be5 35. Nd4 Qb4 36. Nf5+ Kg6 37. b3 Bf4 38. Rc4 Qa3 39. e5 fxe5 40. Nh4+ Kf7 41. Qh7+ Kf6 42. Qf5+ Kg7 43. Qg6+ Kf8 44. Qf6+ Kg8 45. Rc7 1-0

[Event "BCF-chT3b 0001 (4NCL)"]
[Site "Birmingham"]
[Date "2001.03.17"]
[Round "7.4"]
[White "Milligan, Helen"]
[Black "Lim, Chin Lee"]
[Result "1-0"]
[WhiteElo "2124"]
[BlackElo "2071"]
[PlyCount "133"]
[EventDate "2000.11.26"]
[EventType "team-tourn"]
[EventRounds "7"]
[EventCountry "ENG"]
[SourceTitle "EXT 2002"]
[Source "ChessBase"]
[SourceDate "2001.11.25"]
[SourceVersion "1"]
[SourceVersionDate "2001.11.25"]
[SourceQuality "1"]
[WhiteTeam "Athenaeum"]
[BlackTeam "White Rose II"]
[WhiteTeamCountry "ENG"]
[BlackTeamCountry "ENG"]

1. e4 c5 2. Nf3 d6 3. d4 cxd4 4. Nxd4 Nf6 5. Nc3 Nc6 6. Bg5 Qa5 7. Bxf6 gxf6 8. Nb3 Qd8 9. Qh5 Bg7 10. 0-0-0 0-0 11. f4 a5 12. Bb5 Bd7 13. Rhe1 Be6 14. Re3 Qc8 15. f5 Bxb3 16. axb3 Kh8 17. Rh3 h6 18. Rdd3 Rg8 19. Rdg3 Qf8 20. Nd5 Nd4 21. Bd3 Re8 22. Nf4 b5 23. Qh4 Kh7 24. Nh5 Bh8 25. Rxg8 Kxg8 26. Rg3+ Kh7 27. Qf4 Rc8 28. Kd2 Rc5 29. Qe3 Nc6 30. Qe2 Nd4 31. Qf2 Nc6 32. c3 Ne5 33. Bc2 b4 34. Kd1 Qc8 35. Qd2 Qa6 36. Ke1 Qb7 37. c4 a4 38. Rh3 axb3 39. Nxf6+ Bxf6 40. Qxh6+ Kg8 41. Rg3+ Ng6 42. fxg6 Bg7 43. gxf7+ Kxf7 44. Rxg7+ Ke8 45. Qg6+ Kd8 46. Bxb3 Qa7 47. Qxd6+ exd6 48. Rxa7 Re5 49. Bc2 b3 50. Bxb3 Rxe4+ 51. Kf2 Rd4 52. Ra2 Rd2+ 53. Kf1 Ke7 54. Ba4 Ke6 55. Bc6 Ke5 56. Ra5+ Ke6 57. Bd5+ Ke5 58. b4 Rb2 59. Bf3+ Kd4 60. Rd5+ Kxc4 61. Rxd6 Rxb4 62. Ke2 Kc5 63. Rd2 Rb8 64. h4 Rh8 65. h5 Kc4 66. g4 Kc3 67. Rd1 1-0

[Event "BCF-ch 86th"]
[Site "Scarborough"]
[Date "1999.08.07"]
[Round "7"]
[White "Ledger, Stephen C"]
[Black "Lim, Chin Lee"]
[Result "1-0"]
[WhiteElo "2162"]
[BlackElo "2110"]
[PlyCount "79"]
[EventDate "1999.08.05"]
[EventType "swiss"]
[EventRounds "11"]
[EventCountry "ENG"]
[SourceTitle "CBM 071 Extra"]
[Source "ChessBase"]
[SourceDate "1999.09.14"]
[SourceVersion "1"]
[SourceVersionDate "1999.09.14"]
[SourceQuality "1"]

1. d4 Nf6 2. Nf3 g6 3. Bf4 Bg7 4. e3 0-0 5. h3 d6 6. Be2 Nbd7 7. 0-0 Nh5 8. Bh2 e5 9. g4 e4 10. gxh5 exf3 11. Bxf3 gxh5 12. Bf4 Qh4 13. Bg2 Nf6 14. Qf3 Re8 15. Nc3 Bd7 16. Qg3 Qxg3 17. Bxg3 Bc6 18. Rfd1 Ne4 19. Nxe4 Bxe4 20. c4 Bxg2 21. Kxg2 Re7 22. Rac1 f5 23. Rd3 Bh6 24. Kf3 Kf7 25. Rb3 b6 26. c5 dxc5 27. dxc5 Re6 28. cxb6 cxb6 29. Rb5 Kf6 30. Rc7 Kg6 31. Rd5 Bg7 32. b3 a5 33. Rdd7 Bh6 34. Bf4 Bxf4 35. Rg7+ Kh6 36. Rxh7+ Kg5 37. exf4+ Kh4 38. Rcg7 Rd8 39. Rg5 Rd3+ 40. Kg2 1-0

[Event "BCF-ch 86th"]
[Site "Scarborough"]
[Date "1999.08.06"]
[Round "6"]
[White "Lim, Chin Lee"]
[Black "Dempsey, Paul"]
[Result "1-0"]
[WhiteElo "2110"]
[BlackElo "2168"]
[PlyCount "105"]
[EventDate "1999.08.05"]
[EventType "swiss"]
[EventRounds "11"]
[EventCountry "ENG"]
[SourceTitle "CBM 071 Extra"]
[Source "ChessBase"]
[SourceDate "1999.09.14"]
[SourceVersion "1"]
[SourceVersionDate "1999.09.14"]
[SourceQuality "1"]

1. e4 Nf6 2. Nc3 d5 3. e5 Nfd7 4. Nf3 e6 5. Be2 c5 6. d3 Be7 7. 0-0 Nc6 8. Bf4 a6 9. Re1 0-0 10. a4 f6 11. exf6 Nxf6 12. Ne5 d4 13. Nxc6 bxc6 14. Nb1 Ne4 15. Bg3 Nxg3 16. hxg3 Bd6 17. Bf3 Ra7 18. Nd2 Raf7 19. Nc4 Bc7 20. Re2 Qg5 21. Qd2 Qd8 22. Rae1 Rf6 23. Qg5 Qe7 24. Bxc6 h6 25. Qd2 Qf7 26. Be4 Qh5 27. b3 Kh8 28. a5 Rf4 29. Nb6 Rg4 30. Bf3 Rxf3 31. gxf3 Bb7 32. Re4 Bxe4 33. dxe4 Rg6 34. f4 Qh3 35. e5 h5 36. Qd3 Rg4 37. Qf3 h4 38. Qg2 Qxg2+ 39. Kxg2 hxg3 40. fxg3 Kg8 41. Kf3 Rg6 42. Rh1 Rh6 43. Rxh6 gxh6 44. Kg4 Kg7 45. Na4 c4 46. bxc4 Kg6 47. Nc5 h5+ 48. Kf3 Kf5 49. Nxa6 Bxa5 50. c5 d3 51. cxd3 h4 52. gxh4 Be1 53. c6 1-0